000 00392nam a2200169Ia 4500
008 230524s9999 xx 000 0 und d
082 _a512
_bSIN
100 _aSurjeet Singh
245 0 _aModern Algebra
250 _a7TH
260 _aNEW DELHI
_bVikas
_c2005
300 _aXI;501
500 _aQuantity Number: 2
650 _aMathematics
700 _a Qazi Zameruddin
942 _cBK
999 _c31679
_d31679